000 00485cam a2200193ua 4500
001 6833
005 20260515114119.0
008 140220n ii |||gr||||Z||||||asm
040 _cMAIN
082 _a510
245 _aBanijyik ganit
_cBy Praneswar Pathak
250 _a4th ed.
260 _aDibrugarh:
_bPathyaputhi prastuti samanay samiti,
_c1979.
300 _ax,375p.
653 _aMathematics
653 _aBanijyik ganit
700 _aPathak,Praneswar,
_eAuthor.,
942 _cBK
999 _c5976
_d5976